Statistics for AS Saint-Étienne 2018/2019 Squad

Click here to take the quiz!

General Stats

  • This quiz has been taken 50 times
  • The average score is 14 of 26

Answer Stats

No.Answer% Correct
16France (GK)Stéphane Ruffier
100%
(24)France (DF)Loïc Perrin
89%
30France (GK)Jessy Moulin
87%
10Tunisia (FW)Wahbi Khazri
82%
21France (FW)Romain Hamouma
80%
27Slovenia (FW)Robert Berić
76%
4France (DF)William Saliba
71%
28Serbia (DF)Neven Subotić
69%
7France (FW)Rémy Cabella
69%
11Brazil (DF)Gabriel Silva
62%
26France (DF)Mathieu Debuchy
62%
-France (MAN)Jean-Louis Gasset
60%
6France (MF)Yann M'Vila
60%
18France (FW)Arnaud Nordin
58%
22France (FW)Kévin Monnet-Paquet
58%
50France (GK)Stefan Bajic
53%
23Argentina (MF)Valentín Vada
51%
9France (FW)Loïs Diony
42%
33France (FW)Charles Abi
38%
8Morocco (MF)Youssef Aït Bennasser
36%
3France (DF)Pierre-Yves Polomat
33%
5France (DF)Timothée Kolodziejczak
27%
13Senegal (FW)Makhtar Gueye
20%
1France (GK)Théo Vermot
20%
19France (FW)Yannis Salibur
20%
34France (DF)Mickaël Panos
11%

Score Distribution

Percentile by Number Answered

Percent of People with Each Score

Your Score History

You have not taken this quiz